01358nam a22003377a 450000100060000000300090000600500170001500700030003200800300003502000180006504000300008308200260011310000460013924500700018526400320025530000280028733600270031533700350034233800300037749000160040759000260042365000290044965000280047870000410050691000410054794200120058895201310060095201360073195201360086799900170100300746DO-SdBPM20250826125315.0ta151110b2010 pr | 00| 0 spa d a9786124063527 aDO-SdBPMbspacBPMSUerda 4a853.8bA516c 20102221 a Amicis, Edmundo de, d1846-1908 eautor 10aCorazón /cEdmundo de Amicis ; adptación Gerson Jara Morales  aPerú : bEducativac2010. a116 páginas ;c19 cm. atextobtxt2rdacontent asin mediación bn2rdamedia  avolumen bnc2rdacarrier 0 aPlan lector aInventariado, 2025/VM 7aNovela juvenil italiana  7aFamiliavNovela juvenil1 aJara Morales, Gerson eadaptación  aVMateo V. Control de calidad. BPMSU  2ddccBK 00102ddc708CJ-GaBPMETbBPMETd2016-07-11eCompral0oBPMSU CJG 853.8 A516c 2010pBPMSU16070328r2016-07-11w2016-07-11yBK 00102ddc708CJ-GaBPMETbBPMETd2016-07-11eCompral0oBPMSU CJG 853.8 A516c 2010pBPMSU16070329r2016-07-11te.2w2016-07-11yBK 00102ddc708CJ-GaBPMETbBPMETd2016-07-11eCompral0oBPMSU CJG 853.8 A516c 2010pBPMSU16070330r2016-07-11te.3w2016-07-11yBK c10683d10683